000 00524cam a2200193ua 4500
001 12186
005 20260515114839.0
008 200228n ii |||gr||||Z||||||eng
020 _a9780199463534
040 _cMAIN
082 _a954
100 _aKaushik Roy.,
_eAuthor.
245 _aIndia and world war II :
_bWar, armed forces and society 1939-45 /
_cBy Kaushik Roy .
250 _a1st ed.
260 _aNew Delhi:
_bOxford university press,
_c2016.
300 _a401p.
653 _aSouth Asia India
942 _cBK
999 _c10933
_d10933